College Football National Championship winners In The 2010's - Statistics

General Stats
  • This quiz has been taken 68 times
  • The average score is 12 of 13
Answer Stats
Hint Answer % Correct
2020 Alabama
100%
2017 Alabama
98%
2015 Alabama
98%
2012 Alabama
98%
2011 Alabama
98%
2009 Alabama
98%
2018 Clemson
96%
2016 Clemson
96%
2021 georgia
95%
2019 LSU
95%
2014 Ohio State
95%
2010 Auburn
86%
2013 Florida State
82%
No matching quizzes found
Score Distribution
Percent of People with Each Score
Percentile by Number Answered
Your Score History
You have not taken this quiz